| 000 | 00671nam a2200205Ia 4500 | ||
|---|---|---|---|
| 003 | SISC | ||
| 005 | 20170119151643.0 | ||
| 008 | 140321s9999 xx 000 0 und d | ||
| 020 | _a9789719905172 | ||
| 050 |
_aHD 30.25 _b.Si79b 2012 |
||
| 100 | _aSirug, Winston S. | ||
| 245 |
_aBasic quantitative methods for business : _ban introduction to operations research/management science / _cWinston S. Sirug. |
||
| 260 |
_aManila : _bMindshapers, _c2012. |
||
| 300 |
_a386 pages : _c25 cm. _billustrations ; |
||
| 500 | _aIncludes bibliographical references. | ||
| 650 | _aManagement science. | ||
| 650 | _aOperations Research. | ||
| 942 |
_kLOC _cBK _2lcc |
||
| 999 |
_c48431 _d48431 |
||